माझी प्रशासकीय वाटचाल / (Record no. 55147)

MARC details
000 -LEADER
fixed length control field 01120nam a22002537a 4500
005 - DATE AND TIME OF LATEST TRANSACTION
control field 20110810094115.0
008 - FIXED-LENGTH DATA ELEMENTS--GENERAL INFORMATION
fixed length control field 110810t xxu||||| |||| 00| 0 mar d
010 ## - LCCN (DPL NO)
LC control number MAR-21208
020 ## - INTERNATIONAL STANDARD BOOK NUMBER
International Standard Book Number 8189634917
Terms of availability 130.00
035 ## - SYSTEM CONTROL NUMBER
System control number MR-13866
037 ## - SOURCE OF ACQUISITION
Source of stock number/acquisition DBAD/PUB
040 ## - CATALOGING SOURCE
Original cataloging agency DPL
Language of cataloging MR
082 ## - DEWEY DECIMAL CLASSIFICATION NUMBER
Classification number 921
100 ## - MAIN ENTRY--PERSONAL NAME
Personal name राणे,वि पां
9 (RLIN) 32250
245 ## - TITLE STATEMENT
Title माझी प्रशासकीय वाटचाल /
Statement of responsibility, etc वि पां राणे
246 ## - VARYING FORM OF TITLE
Title proper/short title Manjhi Prasaskiya Vatchal
Remainder of title by V P Rane
260 ## - PUBLICATION, DISTRIBUTION, ETC. (IMPRINT)
Place of publication, distribution, etc पुणे
Name of publisher, distributor, etc स्नेहवर्धन प्रकाशन
Date of publication, distribution, etc 2009
270 ## - ADDRESS
Address 863,सदाशिव पेठ,महात्मा फुले सभागृहमागे,
City पुणे
Postal code 411030
300 ## - PHYSICAL DESCRIPTION
Extent 129पृ.
Dimensions 22सेमी(अजिल्द)
Other physical details सचित्र
650 ## - SUBJECT ADDED ENTRY--TOPICAL TERM
Topical term or geographic name as entry element आत्मकथन
9 (RLIN) 32259
650 ## - SUBJECT ADDED ENTRY--TOPICAL TERM
Topical term or geographic name as entry element Autobiography
9 (RLIN) 32260
942 ## - ADDED ENTRY ELEMENTS (KOHA)
Source of classification or shelving scheme Dewey Decimal Classification
Item type Marathi Books
Classification part 921
Call number suffix राणेवि
Holdings
Withdrawn status Lost status Source of classification or shelving scheme Damaged status Not for loan Collection code Home library Current library Date acquired Source of acquisition Cost, normal purchase price Total Checkouts Full call number Barcode Date last seen Copy number Cost, replacement price Koha item type
    Dewey Decimal Classification   Not For Loan Non-fiction D.B.Act.Division D.B.Act.Division 10/08/2011 DBAD / PUB 130.00   921 राणेवि MR-13866 10/08/2011 1 130.00 Marathi Books

© Delhi Public Library
Hit Counter
free hit counter